000 02049nam a2200589 i 4500
001 9910314106305606
003 NyNyJPI
005 20260408154650.0
008 140221s2014 pl bchog |001 0 pol
009 b0000003020997
015 _aUWD 2014/8551
020 _a9788308053034
_q(oprawa twarda) :
_czł 59,90
020 _a9788308080498
_q(oprawa twarda) :
_czł 89,90
020 _a9788308085295
_q(oprawa twarda) :
_czł 99,90
035 _a991021565699705066
035 _a(PL-WaBN)b30209973-48omnis_nlop
035 _ab30209973
035 _a(OCoLC)871702563
035 _axx003017731
035 _axx003427215
035 _a(PL)b0000003020997
040 _aWA N
_cWA N
_dOLSZT W
_dWA M
_dWA N
041 0 _apol
045 2 _bd1914
_bd1918
046 _k2014
080 _a94(100)"1914/1918"
084 _a02
100 1 _aChwalba, Andrzej
_d(1949- )
_eAutor
245 1 0 _aSamobójstwo Europy :
_bWielka Wojna 1914-1918 /
_cAndrzej Chwalba.
246 3 0 _aWielka Wojna 1914-1918
250 _aWydanie pierwsze.
260 _aKraków :
_bWydawnictwo Literackie,
_c2014.
300 _a645, [2] strony :
_bfaksymilia, fotografie, mapy, portrety ;
_c25 cm.
336 _aTekst
_btxt
_2rdacontent
337 _aBez urządzenia pośredniczącego
_bn
_2rdamedia
338 _aWolumin
_bnc
_2rdacarrier
380 _aKsiążki
380 _aPublikacje popularnonaukowe
386 _mPrzynależność kulturowa
_aLiteratura polska
388 1 _a2001-
500 _aW obrębie wydania dodruk w roku: 2015, 2017, 2021, 2023, 2024. W obrębie wydania nakłady z różnymi ISBN-ami. W obrębie wydania nakłady z różnymi cenami.
504 _aBibliografia na stronach 629-631. Indeks.
530 _aKsiążka dostępna także jako e-book.
648 7 _a1901-2000
_2DBN
648 7 _a1914-1918
_2DBN
650 7 _aI wojna światowa (1914-1918)
_2DBN
650 0 _aWorld War, 1914-1918
655 7 _aOpracowanie
_2DBN
658 _aHistoria
710 2 _aWydawnictwo Literackie
_eWydawca
_4pbl
942 _2z
_cBK
_n0
999 _c91078
_d91078